NFL Opening-Day Starting Quarterbacks 2016 - Statistics

General Stats
  • This quiz has been taken 18,052 times
  • The average score is 25 of 32
Answer Stats
Team Quarterback % Correct
Giants Eli Manning
95%
Packers Aaron Rodgers
94%
Panthers Cam Newton
91%
Saints Drew Brees
91%
Seahawks Russell Wilson
90%
Colts Andrew Luck
89%
Falcons Matt Ryan
89%
Chiefs Alex Smith
88%
Lions Matthew Stafford
88%
Chargers Philip Rivers
88%
Ravens Joe Flacco
87%
Bengals Andy Dalton
86%
Cowboys Dak Prescott
86%
Steelers Ben Roethlisberger
85%
Raiders Derek Carr
85%
Cardinals Carson Palmer
82%
Buccaneers Jameis Winston
82%
Bears Jay Cutler
81%
Eagles Carson Wentz
80%
Redskins Kirk Cousins
80%
Dolphins Ryan Tannehill
80%
Jaguars Blake Bortles
77%
Patriots Jimmy Garoppolo
77%
Titans Marcus Mariota
72%
Bills Tyrod Taylor
72%
Jets Ryan Fitzpatrick
68%
Texans Brock Osweiler
60%
Browns Robert Griffin III
59%
Broncos Trevor Siemian
55%
Rams Case Keenum
51%
49ers Blaine Gabbert
46%
Vikings Shaun Hill
25%
No matching quizzes found
Score Distribution
Percent of People with Each Score
Percentile by Number Answered
Your Score History
You have not taken this quiz